Textbook of diagnostic microbiology (Record no. 86665)

MARC details
000 -LEADER
fixed length control field 00863nam a22002657a 4500
003 - CONTROL NUMBER IDENTIFIER
control field CBULib
005 - DATE AND TIME OF LATEST TRANSACTION
control field 20260211132243.0
008 - FIXED-LENGTH DATA ELEMENTS--GENERAL INFORMATION
fixed length control field 260211b |||||||| |||| 00| 0 eng d
020 ## - INTERNATIONAL STANDARD BOOK NUMBER
International Standard Book Number 9780323613170
040 ## - CATALOGING SOURCE
Language of cataloging English
Transcribing agency CBULib
Modifying agency CBULib
Description conventions rda
041 ## - LANGUAGE CODE
Language code of text/sound track or separate title eng
050 ## - LIBRARY OF CONGRESS CALL NUMBER
Classification number QR 67 Dia
100 ## - MAIN ENTRY--PERSONAL NAME
9 (RLIN) 5345
Personal name Mahon, Connie R.
245 ## - TITLE STATEMENT
Title Textbook of diagnostic microbiology
Statement of responsibility, etc / edited by Connie R. Mahon
250 ## - EDITION STATEMENT
Edition statement Sixth edition
260 ## - PUBLICATION, DISTRIBUTION, ETC. (IMPRINT)
Place of publication, distribution, etc St. Louis, MissourI:
Name of publisher, distributor, etc Elsevier,
Date of publication, distribution, etc 2019.
300 ## - PHYSICAL DESCRIPTION
Extent xv, 1072 pages: illustrations
336 ## - CONTENT TYPE
Source rdacontent
Content type term Text |
Content type code txt
337 ## - MEDIA TYPE
Source rdamedia
Media type term Unmediated |
Media type code n
338 ## - CARRIER TYPE
Source rdacarrier
Carrier type term Volume
Carrier type code nc
650 #0 - SUBJECT ADDED ENTRY--TOPICAL TERM
Source of heading or term Library of congress
9 (RLIN) 5346
Topical term or geographic name as entry element MICROBIOLOGICAL TECHNIQUES
650 #0 - SUBJECT ADDED ENTRY--TOPICAL TERM
Source of heading or term Library of congress
9 (RLIN) 5347
Topical term or geographic name as entry element COMMUNICABLE DISEASE--DIAGNOSIS
700 ## - ADDED ENTRY--PERSONAL NAME
9 (RLIN) 5348
Personal name Lehman, Donald C.
942 ## - ADDED ENTRY ELEMENTS (KOHA)
Source of classification or shelving scheme
Koha item type MONOGRAPH
Holdings
Withdrawn status Lost status Source of classification or shelving scheme Damaged status Not for loan Collection code Permanent Location Current Location Shelving location Date acquired Source of acquisition Cost, normal purchase price Total Checkouts Full call number Barcode Date last seen Copy number Price effective from Koha item type
          Michael Chilufya Sata Collection CBU-MICHAEL CHILUFYA SATA LIBRARY CBU-MICHAEL CHILUFYA SATA LIBRARY General Stacks 02/11/2026 Book aid International 119.99   QR 67 Dia 934251 02/11/2026 2 02/10/2026 MONOGRAPH
          Medical Library Collection CBU-SCHOOL OF MEDICINE LIBRARY, NDOLA. CBU-SCHOOL OF MEDICINE LIBRARY, NDOLA. General Stacks 02/11/2026 Book aid International 119.99   QR 67 Dia 934252 02/11/2026 3 02/10/2026 MONOGRAPH